To amend the Public Health Service act, personnel and administration. (Record no. 38462)
[ view plain ]
| 000 -LEADER | |
|---|---|
| fixed length control field | 01090cam a22002411 4500 |
| 001 - CONTROL NUMBER | |
| control field | med47001923 |
| 003 - CONTROL NUMBER IDENTIFIER | |
| control field | DLC |
| 005 - DATE AND TIME OF LATEST TRANSACTION | |
| control field | 20260227111604.0 |
| 008 - FIXED-LENGTH DATA ELEMENTS--GENERAL INFORMATION | |
| fixed length control field | 871201s1947 dcu f000 0 eng |
| 010 ## - LIBRARY OF CONGRESS CONTROL NUMBER | |
| LC control number | med47001923 |
| 035 ## - SYSTEM CONTROL NUMBER | |
| System control number | (OCoLC)17155604 |
| 040 ## - CATALOGING SOURCE | |
| Original cataloging agency | DLC |
| Transcribing agency | TxDaM-L |
| Modifying agency | DLC |
| 042 ## - AUTHENTICATION CODE | |
| Authentication code | premarc |
| 050 00 - LIBRARY OF CONGRESS CALL NUMBER | |
| Classification number | KF27 |
| Item number | .I55 1947g |
| 082 ## - DEWEY DECIMAL CLASSIFICATION NUMBER | |
| Classification number | 614.06173 |
| 086 0# - GOVERNMENT DOCUMENT CLASSIFICATION NUMBER | |
| Classification number | Y 4.In 8/4:P 96/13 |
| 110 1# - MAIN ENTRY--CORPORATE NAME | |
| Corporate name or jurisdiction name as entry element | United States. |
| Subordinate unit | Congress. |
| -- | House. |
| -- | Committee on Interstate and Foreign Commerce. |
| 245 00 - TITLE STATEMENT | |
| Title | To amend the Public Health Service act, personnel and administration. |
| Remainder of title | Hearing before a subcommittee of the Committee on Interstate and Foreign Commerce, House of Representatives, Eightieth Congress, first session, on H.R. 3924, a bill to amend the Public Health Service act in regard to certain matters of personnel and administration, and for other purposes. July 3, 1947. |
| 260 ## - PUBLICATION, DISTRIBUTION, ETC. | |
| Place of publication, distribution, etc. | Washington, |
| Name of publisher, distributor, etc. | U.S. Govt. Print. Off., |
| Date of publication, distribution, etc. | 1947. |
| 300 ## - PHYSICAL DESCRIPTION | |
| Extent | iii, 32 p. |
| Dimensions | 23 cm. |
| 500 ## - GENERAL NOTE | |
| General note | James I. Dolliver, chairman of subcommittee. |
| 610 10 - SUBJECT ADDED ENTRY--CORPORATE NAME | |
| Corporate name or jurisdiction name as entry element | United States. |
| Subordinate unit | Public Health Service. |
No items available.